How to estimate. Revised by A.E. Bayliss (Record no. 86824)

MARC details
000 -LEADER
fixed length control field 00426cam a2200193 4500
001 - CONTROL NUMBER
control field D13693
008 - FIXED-LENGTH DATA ELEMENTS--GENERAL INFORMATION
fixed length control field 090401t1956 xxu||||| |||| 00| 0 eng d
035 ## - SYSTEM CONTROL NUMBER
System control number (Sirsi) u11167
041 ## - LANGUAGE CODE
Language code of text/sound track or separate title eng
100 ## - MAIN ENTRY--PERSONAL NAME
Personal name Rea, J.T.
245 ## - TITLE STATEMENT
Title How to estimate. Revised by A.E. Bayliss
250 ## - EDITION STATEMENT
Edition statement 12th
260 ## - PUBLICATION, DISTRIBUTION, ETC.
Name of publisher, distributor, etc. Batsford
Date of publication, distribution, etc. 1956
300 ## - PHYSICAL DESCRIPTION
Extent 672p
350 ## - PRICE (NR) (BK AM CF MU VM SE) [OBSOLETE]
Price 1.75
520 ## - SUMMARY, ETC.
Summary, etc. Shelf 133
942 ## - ADDED ENTRY ELEMENTS (KOHA)
Suppress in OPAC 0
948 ## - LOCAL PROCESSING INFORMATION (OCLC); SERIES PART DESIGNATOR (RLIN)
c (OCLC) 04/03/1997
Holdings
Withdrawn status Lost status Source of classification or shelving scheme Damaged status Not for loan Home library Current library Shelving location Date acquired Cost, normal purchase price Total Checkouts Full call number Barcode Date last seen Copy number Cost, replacement price Price effective from Koha item type
    Other/Generic Classification Scheme     London London Basement 14/09/1999 1.75   SHELF 133 30022200 06/08/2019 1 1.75 06/08/2019 Reference material